[Event "MPJ C16"]
[Site "?"]
[Date "2016.03.18"]
[Round "7.5"]
[White "Chylewski, Patryk"]
[Black "Garbowski, Jakub"]
[Result "0-1"]
[LiveChessVersion "1.4.8"]
[BlackElo "1994"]
[WhiteElo "2087"]

1. d4 {[%clk 1:30:57]} Nf6 {[%clk 1:30:50]} 2. c4 {[%clk 1:31:24]} g6
{[%clk 1:31:13]} 3. Nc3 {[%clk 1:31:49]} d5 {[%clk 1:31:36]} 4. Bf4
{[%clk 1:32:09]} Bg7 {[%clk 1:30:46]} 5. e3 {[%clk 1:32:32]} O-O {[%clk 1:29:33]}
6. Rc1 {[%clk 1:32:56]} c5 {[%clk 1:06:37]} 7. dxc5 {[%clk 1:33:20]} Nbd7
{[%clk 1:07:05]} 8. b4 {[%clk 1:20:19]} e5 {[%clk 0:57:06]} 9. Bg5
{[%clk 1:18:36]} d4 {[%clk 0:56:22]} 10. exd4 {[%clk 1:04:25]} exd4
{[%clk 0:56:14]} 11. Qxd4 {[%clk 1:03:36]} Re8+ {[%clk 0:51:06]} 12. Be2
{[%clk 1:02:45]} h6 {[%clk 0:49:36]} 13. Bxf6 {[%clk 1:01:28]} Bxf6
{[%clk 0:50:02]} 14. Qd2 {[%clk 0:55:48]} a5 {[%clk 0:48:50]} 15. b5
{[%clk 0:50:19]} Bxc3 {[%clk 0:28:47]} 16. Rxc3 {[%clk 0:43:27]} Qf6
{[%clk 0:28:35]} 17. Nf3 {[%clk 0:33:55]} Nxc5 {[%clk 0:26:01]} 18. Qd4
{[%clk 0:32:11]} Qf5 {[%clk 0:23:50]} 19. O-O {[%clk 0:19:12]} Rxe2
{[%clk 0:19:04]} 20. Qd8+ {[%clk 0:17:11]} Kh7 {[%clk 0:19:17]} 21. Nd4
{[%clk 0:16:10]} Ne6 {[%clk 0:19:09]} 22. Nxf5 {[%clk 0:15:15]} Nxd8
{[%clk 0:19:27]} 23. Nd6 {[%clk 0:15:40]} Rd2 {[%clk 0:17:40]} 24. c5
{[%clk 0:16:01]} Be6 {[%clk 0:17:06]} 25. a4 {[%clk 0:15:54]} Bd5
{[%clk 0:11:53]} 26. Re1 {[%clk 0:16:17]} Ne6 {[%clk 0:11:35]} 27. f3
{[%clk 0:13:37]} Kg7 {[%clk 0:07:22]} 28. c6 {[%clk 0:12:22]} bxc6
{[%clk 0:06:36]} 29. bxc6 {[%clk 0:12:49]} Rd8 {[%clk 0:05:18]} 30. Nb5
{[%clk 0:11:39]} Rc8 {[%clk 0:01:58]} 31. c7 {[%clk 0:12:04]} Bb7
{[%clk 0:02:09]} 32. Rec1 {[%clk 0:06:34]} Rd7 {[%clk 0:01:47]} 33. Kf2
{[%clk 0:04:45]} Ba6 {[%clk 0:01:29]} 34. Na7 {[%clk 0:02:15]} Rcxc7
{[%clk 0:01:48]} 35. Nc6 {[%clk 0:02:18]} Rd2+ {[%clk 0:01:42]} 36. Kg3
{[%clk 0:02:44]} f5 {[%clk 0:01:04]} 37. h4 {[%clk 0:01:25]} Kf6 {[%clk 0:01:01]}
38. Nxa5 {[%clk 0:01:33]} Rxc3 {[%clk 0:01:16]} 39. Rxc3 {[%clk 0:02:01]} Bf1
{[%clk 0:01:18]} 0-1

[Event "MPJ C16"]
[Site "?"]
[Date "2016.03.18"]
[Round "7.6"]
[White "Zaleski, Lukasz"]
[Black "Klementowski, Dawid"]
[Result "1/2-1/2"]
[LiveChessVersion "1.4.8"]
[BlackElo "1904"]
[WhiteElo "2118"]

1. e4 {[%clk 1:30:50]} c5 {[%clk 1:30:52]} 2. Nf3 {[%clk 1:31:06]} d6
{[%clk 1:31:16]} 3. d4 {[%clk 1:31:13]} cxd4 {[%clk 1:31:37]} 4. Nxd4
{[%clk 1:31:33]} Nf6 {[%clk 1:32:00]} 5. Nc3 {[%clk 1:31:50]} a6 {[%clk 1:32:23]}
6. f4 {[%clk 1:31:47]} Nc6 {[%clk 1:25:31]} 7. Nxc6 {[%clk 1:28:07]} bxc6
{[%clk 1:24:42]} 8. e5 {[%clk 1:27:03]} Bg4 {[%clk 1:21:09]} 9. Be2
{[%clk 1:21:38]} Bxe2 {[%clk 1:19:24]} 10. Qxe2 {[%clk 1:22:03]} dxe5
{[%clk 1:19:32]} 11. fxe5 {[%clk 1:20:40]} Nd5 {[%clk 1:19:37]} 12. Ne4
{[%clk 1:16:13]} e6 {[%clk 1:17:17]} 13. O-O {[%clk 1:13:25]} Qb6+
{[%clk 1:14:24]} 14. Kh1 {[%clk 1:13:20]} Bc5 {[%clk 1:09:07]} 15. c4
{[%clk 1:08:25]} Ne7 {[%clk 1:07:55]} 16. Qf3 {[%clk 0:36:07]} O-O
{[%clk 1:06:02]} 17. Nf6+ {[%clk 0:32:14]} gxf6 {[%clk 0:59:16]} 18. Qxf6
{[%clk 0:32:16]} Be3 {[%clk 0:58:58]} 19. Qxe7 {[%clk 0:31:12]} Bxc1
{[%clk 0:58:11]} 20. Raxc1 {[%clk 0:24:59]} Qd8 {[%clk 0:57:47]} 21. Qxd8
{[%clk 0:21:22]} Rfxd8 {[%clk 0:57:20]} 22. Rcd1 {[%clk 0:21:30]} c5
{[%clk 0:57:25]} 23. g4 {[%clk 0:21:00]} Rab8 {[%clk 0:57:01]} 24. b3
{[%clk 0:21:23]} Kf8 {[%clk 0:56:56]} 25. Kg2 {[%clk 0:21:46]} Ke7
{[%clk 0:56:59]} 26. Kf3 {[%clk 0:20:28]} a5 {[%clk 0:57:04]} 27. Ke2
{[%clk 0:19:21]} Rg8 {[%clk 0:57:09]} 28. Kf3 {[%clk 0:19:13]} Rgd8
{[%clk 0:57:17]} 29. Ke3 {[%clk 0:18:19]} Rg8 {[%clk 0:56:33]} 30. h3
{[%clk 0:18:09]} h5 {[%clk 0:56:55]} 31. Kf4 {[%clk 0:16:38]} hxg4
{[%clk 0:56:47]} 32. hxg4 {[%clk 0:17:04]} a4 {[%clk 0:56:54]} 33. Rd3
{[%clk 0:16:07]} Rb4 {[%clk 0:56:59]} 34. Rfd1 {[%clk 0:14:31]} axb3
{[%clk 0:56:43]} 35. Rd7+ {[%clk 0:13:54]} Kf8 {[%clk 0:57:06]} 36. axb3
{[%clk 0:12:36]} Rxb3 {[%clk 0:57:24]} 37. Rc7 {[%clk 0:12:55]} Kg7
{[%clk 0:57:40]} 38. Rdd7 {[%clk 0:12:56]} Rf8 {[%clk 0:57:59]} 39. Rxc5
{[%clk 0:06:27]} Kg6 {[%clk 0:57:09]} 40. Rcc7 {[%clk 0:36:04]} Rc3
{[%clk 1:27:09]} 41. Ke4 {[%clk 0:30:07]} Rg3 {[%clk 1:27:02]} 42. Kf4
{[%clk 0:26:34]} Rc3 {[%clk 1:25:10]} 43. c5 {[%clk 0:23:40]} Ra8
{[%clk 1:24:34]} 44. Ke4 {[%clk 0:22:05]} Ra4+ {[%clk 1:24:48]} 45. Rd4
{[%clk 0:22:19]} Ra5 {[%clk 1:25:11]} 46. Rdd7 {[%clk 0:19:40]} 1/2-1/2

[Event "MPJ C16"]
[Site "?"]
[Date "2016.03.18"]
[Round "7.7"]
[White "Klepek, Witold"]
[Black "Kowalski, Igor"]
[Result "1-0"]
[LiveChessVersion "1.4.8"]
[BlackElo "2088"]
[WhiteElo "2018"]

1. e4 {[%clk 1:30:58]} c5 {[%clk 1:30:57]} 2. Nf3 {[%clk 1:31:18]} e6
{[%clk 1:31:24]} 3. d4 {[%clk 1:31:40]} cxd4 {[%clk 1:31:50]} 4. Nxd4
{[%clk 1:32:06]} Nc6 {[%clk 1:32:16]} 5. Nb5 {[%clk 1:31:48]} d6 {[%clk 1:32:41]}
6. c4 {[%clk 1:32:15]} a6 {[%clk 1:32:51]} 7. N5c3 {[%clk 1:32:36]} Nf6
{[%clk 1:33:09]} 8. Be2 {[%clk 1:32:56]} Be7 {[%clk 1:33:19]} 9. O-O
{[%clk 1:33:15]} b6 {[%clk 1:31:26]} 10. Be3 {[%clk 1:33:19]} Bb7
{[%clk 1:31:24]} 11. Na3 {[%clk 1:28:54]} O-O {[%clk 1:31:42]} 12. f4
{[%clk 1:24:19]} Nd7 {[%clk 1:15:58]} 13. Nc2 {[%clk 1:18:17]} Rc8
{[%clk 1:11:23]} 14. Rc1 {[%clk 1:08:21]} Na5 {[%clk 1:00:20]} 15. Na3
{[%clk 1:08:13]} Nc6 {[%clk 0:59:58]} 16. Qd2 {[%clk 1:04:22]} Nc5
{[%clk 0:53:54]} 17. Bf3 {[%clk 1:04:04]} Nb4 {[%clk 0:47:55]} 18. Nc2
{[%clk 0:59:30]} a5 {[%clk 0:43:49]} 19. Nd4 {[%clk 0:56:40]} g6 {[%clk 0:31:52]}
20. Rcd1 {[%clk 0:53:57]} e5 {[%clk 0:17:51]} 21. Ndb5 {[%clk 0:51:03]} exf4
{[%clk 0:12:50]} 22. Bxf4 {[%clk 0:50:49]} Nbd3 {[%clk 0:13:01]} 23. Bh6
{[%clk 0:48:43]} Re8 {[%clk 0:12:32]} 24. Bg4 {[%clk 0:47:16]} Ra8
{[%clk 0:12:42]} 25. Be2 {[%clk 0:46:41]} Ne5 {[%clk 0:12:51]} 26. Qf4
{[%clk 0:45:00]} Ne6 {[%clk 0:12:29]} 27. Qf2 {[%clk 0:44:46]} Rc8
{[%clk 0:07:14]} 28. Be3 {[%clk 0:43:39]} Nc5 {[%clk 0:07:32]} 29. Bd4
{[%clk 0:43:10]} Ncd7 {[%clk 0:06:02]} 30. b3 {[%clk 0:38:59]} Rf8
{[%clk 0:05:35]} 31. Qg3 {[%clk 0:25:37]} Bh4 {[%clk 0:03:24]} 32. Qh3
{[%clk 0:23:06]} Be7 {[%clk 0:03:48]} 33. Bg4 {[%clk 0:22:51]} Nxg4
{[%clk 0:03:41]} 34. Qxg4 {[%clk 0:23:11]} Qe8 {[%clk 0:03:15]} 35. Nd5
{[%clk 0:17:27]} Bxd5 {[%clk 0:02:58]} 36. exd5 {[%clk 0:17:50]} f5
{[%clk 0:01:28]} 37. Qg3 {[%clk 0:17:54]} f4 {[%clk 0:00:50]} 38. Rxf4
{[%clk 0:17:23]} Rxf4 {[%clk 0:00:48]} 39. Qxf4 {[%clk 0:17:49]} Qf8
{[%clk 0:01:07]} 40. Qg4 {[%clk 0:46:09]} Nc5 {[%clk 0:31:25]} 41. Rf1
{[%clk 0:45:54]} Qe8 {[%clk 0:31:49]} 42. Bxc5 {[%clk 0:45:48]} bxc5
{[%clk 0:32:13]} 43. Qe6+ {[%clk 0:46:14]} Kg7 {[%clk 0:32:38]} 44. Re1
{[%clk 0:46:20]} 1-0

[Event "MPJ C16"]
[Site "?"]
[Date "2016.03.18"]
[Round "7.8"]
[White "Drozdowski, Konrad"]
[Black "Sulkowski, Andrzej"]
[Result "1/2-1/2"]
[LiveChessVersion "1.4.8"]
[BlackElo "1772"]
[WhiteElo "2037"]

1. d4 {[%clk 1:30:58]} Nf6 {[%clk 1:30:37]} 2. Nf3 {[%clk 1:31:21]} e6
{[%clk 1:30:33]} 3. e3 {[%clk 1:31:41]} b6 {[%clk 1:30:32]} 4. Bd3
{[%clk 1:31:48]} Bb7 {[%clk 1:30:25]} 5. O-O {[%clk 1:31:52]} c5 {[%clk 1:28:42]}
6. b3 {[%clk 1:31:42]} d5 {[%clk 1:26:16]} 7. Bb2 {[%clk 1:31:23]} Bd6
{[%clk 1:25:30]} 8. Nbd2 {[%clk 1:28:41]} O-O {[%clk 1:22:55]} 9. Ne5
{[%clk 1:27:09]} Nc6 {[%clk 1:20:16]} 10. f4 {[%clk 1:24:03]} cxd4
{[%clk 1:20:28]} 11. exd4 {[%clk 1:22:58]} Nb4 {[%clk 1:16:52]} 12. Be2
{[%clk 1:19:17]} Ne4 {[%clk 1:12:50]} 13. a3 {[%clk 1:13:43]} Nc6
{[%clk 1:10:38]} 14. Nxe4 {[%clk 0:59:47]} dxe4 {[%clk 1:11:01]} 15. Kh1
{[%clk 0:58:29]} Ne7 {[%clk 1:10:54]} 16. Bg4 {[%clk 0:50:18]} f5
{[%clk 1:08:31]} 17. Be2 {[%clk 0:47:40]} Nd5 {[%clk 1:08:22]} 18. Qc1
{[%clk 0:42:06]} Qh4 {[%clk 1:05:40]} 19. c4 {[%clk 0:39:34]} Rac8
{[%clk 1:05:32]} 20. Bc3 {[%clk 0:34:33]} Nxc3 {[%clk 0:54:05]} 21. Qxc3
{[%clk 0:34:52]} Rf6 {[%clk 0:53:02]} 22. Qe1 {[%clk 0:33:08]} Qxe1
{[%clk 0:51:46]} 23. Rfxe1 {[%clk 0:33:23]} Rff8 {[%clk 0:49:05]} 24. b4
{[%clk 0:32:16]} Rfd8 {[%clk 0:47:30]} 25. Red1 {[%clk 0:31:39]} Be7
{[%clk 0:46:45]} 26. Kg1 {[%clk 0:30:48]} g5 {[%clk 0:44:50]} 27. Bh5
{[%clk 0:27:23]} Rf8 {[%clk 0:39:29]} 28. g3 {[%clk 0:26:40]} gxf4
{[%clk 0:30:14]} 29. gxf4 {[%clk 0:26:56]} Bh4 {[%clk 0:29:47]} 30. Ra2
{[%clk 0:25:03]} e3 {[%clk 0:28:26]} 31. Rd3 {[%clk 0:23:31]} Bf2+
{[%clk 0:27:45]} 32. Rxf2 {[%clk 0:21:38]} exf2+ {[%clk 0:28:03]} 33. Kxf2
{[%clk 0:22:05]} Rc7 {[%clk 0:23:34]} 34. Bf3 {[%clk 0:20:40]} Bxf3
{[%clk 0:23:22]} 35. Rxf3 {[%clk 0:20:56]} Kg7 {[%clk 0:20:57]} 36. Rd3
{[%clk 0:19:28]} Rd8 {[%clk 0:19:56]} 37. d5 {[%clk 0:17:50]} exd5
{[%clk 0:18:38]} 38. cxd5 {[%clk 0:17:57]} Rc2+ {[%clk 0:16:55]} 39. Kg3
{[%clk 0:17:28]} Rd6 {[%clk 0:15:28]} 40. h4 {[%clk 0:47:02]} b5 {[%clk 0:44:42]}
41. Kf3 {[%clk 0:46:35]} Rc8 {[%clk 0:44:16]} 42. Ke3 {[%clk 0:46:03]} Rc7
{[%clk 0:40:43]} 43. Kd4 {[%clk 0:46:13]} Rc8 {[%clk 0:38:50]} 44. Rg3+
{[%clk 0:43:14]} Kf6 {[%clk 0:37:46]} 45. Rd3 {[%clk 0:43:13]} Rc2
{[%clk 0:37:27]} 46. Rg3 {[%clk 0:40:18]} Rd8 {[%clk 0:36:59]} 47. Rd3
{[%clk 0:38:11]} a6 {[%clk 0:36:26]} 48. Re3 {[%clk 0:37:16]} Rc7
{[%clk 0:35:08]} 49. Rd3 {[%clk 0:35:57]} Ke7 {[%clk 0:34:36]} 50. Re3
{[%clk 0:35:39]} Kf6 {[%clk 0:33:16]} 51. Rd3 {[%clk 0:34:30]} Rc1
{[%clk 0:32:47]} 52. Re3 {[%clk 0:34:29]} Rd1+ {[%clk 0:32:09]} 53. Nd3
{[%clk 0:34:10]} Rc8 {[%clk 0:24:47]} 54. d6 {[%clk 0:32:58]} Rc4+
{[%clk 0:24:31]} 55. Kd5 {[%clk 0:33:22]} Rc3 {[%clk 0:24:39]} 56. Kd4
{[%clk 0:33:37]} Rc4+ {[%clk 0:25:02]} 1/2-1/2

[Event "MPJ C16"]
[Site "?"]
[Date "2016.03.18"]
[Round "7.9"]
[White "Belczewski, Jacek"]
[Black "Bilczewski, Kacper"]
[Result "0-1"]
[LiveChessVersion "1.4.8"]
[BlackElo "2046"]
[WhiteElo "1945"]

1. Nf3 {[%clk 1:30:18]} e6 {[%clk 1:30:42]} 2. c4 {[%clk 1:30:29]} b6
{[%clk 1:31:05]} 3. g3 {[%clk 1:30:36]} Bb7 {[%clk 1:31:30]} 4. Bg2
{[%clk 1:31:03]} Nf6 {[%clk 1:30:20]} 5. Nc3 {[%clk 1:31:16]} Be7
{[%clk 1:29:25]} 6. O-O {[%clk 1:31:14]} O-O {[%clk 1:29:50]} 7. d4
{[%clk 1:30:52]} d6 {[%clk 1:22:53]} 8. b3 {[%clk 1:29:20]} Nbd7 {[%clk 1:22:19]}
9. Bb2 {[%clk 1:29:26]} a6 {[%clk 1:21:04]} 10. Qc2 {[%clk 1:28:52]} c5
{[%clk 1:20:10]} 11. e3 {[%clk 1:24:35]} Qc7 {[%clk 1:20:28]} 12. Rfd1
{[%clk 1:24:12]} Rad8 {[%clk 1:20:17]} 13. Rac1 {[%clk 1:13:33]} Qb8
{[%clk 1:13:59]} 14. d5 {[%clk 1:05:45]} exd5 {[%clk 1:03:57]} 15. Nxd5
{[%clk 1:05:16]} Nxd5 {[%clk 1:03:13]} 16. cxd5 {[%clk 1:05:26]} Bf6
{[%clk 1:03:33]} 17. Bxf6 {[%clk 1:04:59]} Nxf6 {[%clk 1:03:58]} 18. Qf5
{[%clk 1:04:54]} Rfe8 {[%clk 1:01:27]} 19. Rc4 {[%clk 0:53:13]} Qc8
{[%clk 0:59:30]} 20. Rf4 {[%clk 0:48:04]} Qxf5 {[%clk 0:57:27]} 21. Rxf5
{[%clk 0:48:32]} Ne4 {[%clk 0:56:31]} 22. Ng5 {[%clk 0:46:34]} Nxg5
{[%clk 0:56:49]} 23. Rxg5 {[%clk 0:46:55]} Bc8 {[%clk 0:57:02]} 24. Bf3
{[%clk 0:42:52]} g6 {[%clk 0:57:09]} 25. Bg4 {[%clk 0:43:06]} f5 {[%clk 0:55:13]}
26. Bh5 {[%clk 0:37:59]} Kf7 {[%clk 0:55:34]} 0-1

[Event "MPJ C16"]
[Site "?"]
[Date "2016.03.18"]
[Round "7.10"]
[White "Slomczewski, Michal"]
[Black "Domanski, Lukasz"]
[Result "1-0"]
[LiveChessVersion "1.4.8"]
[BlackElo "1994"]
[WhiteElo "1887"]

1. c4 {[%clk 1:30:58]} e5 {[%clk 1:28:54]} 2. Nc3 {[%clk 1:31:23]} Bb4
{[%clk 1:29:12]} 3. Nd5 {[%clk 1:31:30]} Bc5 {[%clk 1:29:26]} 4. e3
{[%clk 1:30:44]} Nf6 {[%clk 1:28:57]} 5. b4 {[%clk 1:27:59]} Nxd5
{[%clk 1:24:42]} 6. bxc5 {[%clk 1:28:11]} Nf6 {[%clk 1:24:59]} 7. d4
{[%clk 1:26:48]} Qe7 {[%clk 1:22:37]} 8. Be2 {[%clk 1:22:42]} b6 {[%clk 1:16:08]}
9. cxb6 {[%clk 1:21:20]} axb6 {[%clk 1:16:03]} 10. Nf3 {[%clk 1:16:59]} exd4
{[%clk 1:10:01]} 11. exd4 {[%clk 1:12:53]} O-O {[%clk 1:08:28]} 12. O-O
{[%clk 1:09:40]} d5 {[%clk 1:03:04]} 13. Qc2 {[%clk 1:03:59]} Bb7
{[%clk 0:56:42]} 14. Ne5 {[%clk 0:56:16]} Nc6 {[%clk 0:53:27]} 15. Bb2
{[%clk 0:56:01]} Rfd8 {[%clk 0:50:51]} 16. Rfe1 {[%clk 0:48:06]} Qd6
{[%clk 0:42:16]} 17. c5 {[%clk 0:45:58]} bxc5 {[%clk 0:41:18]} 18. dxc5
{[%clk 0:43:47]} Qe6 {[%clk 0:37:56]} 19. Bb5 {[%clk 0:35:47]} Ne4
{[%clk 0:34:37]} 20. Nd3 {[%clk 0:26:56]} Qf5 {[%clk 0:28:15]} 21. f3
{[%clk 0:26:15]} Nf6 {[%clk 0:27:21]} 22. a4 {[%clk 0:21:06]} d4 {[%clk 0:23:59]}
23. Bc4 {[%clk 0:13:21]} Nd5 {[%clk 0:21:27]} 24. Bc1 {[%clk 0:12:43]} Ba6
{[%clk 0:17:49]} 25. Bd2 {[%clk 0:12:28]} Bxc4 {[%clk 0:17:27]} 26. Qxc4
{[%clk 0:12:47]} Re8 {[%clk 0:14:00]} 27. a5 {[%clk 0:11:34]} Ne3
{[%clk 0:12:41]} 28. Bxe3 {[%clk 0:11:29]} dxe3 {[%clk 0:12:58]} 29. a6
{[%clk 0:10:45]} Rad8 {[%clk 0:10:45]} 30. Ra3 {[%clk 0:09:25]} Nd4
{[%clk 0:06:15]} 31. a7 {[%clk 0:06:11]} Nxf3+ {[%clk 0:01:49]} 32. gxf3 Qxf3
{[%clk 0:01:43]} 33. Qf4 {[%clk 0:04:00]} Qh3 {[%clk 0:01:18]} 34. Ne5
{[%clk 0:02:46]} Rxe5 {[%clk 0:00:52]} 35. Qxe5 {[%clk 0:02:38]} Qh4
{[%clk 0:00:55]} 36. Qg3 {[%clk 0:02:36]} 1-0

[Event "MPJ C16"]
[Site "?"]
[Date "2016.03.18"]
[Round "7.11"]
[White "Brozyna, Mateusz"]
[Black "Raczynski, Krzysztof"]
[Result "1/2-1/2"]
[LiveChessVersion "1.4.8"]
[BlackElo "1978"]
[WhiteElo "1763"]

1. e4 {[%clk 1:30:23]} d5 {[%clk 1:30:44]} 2. exd5 {[%clk 1:29:52]} Nf6
{[%clk 1:31:04]} 3. Nf3 {[%clk 1:29:26]} Nxd5 {[%clk 1:31:19]} 4. d4
{[%clk 1:29:15]} g6 {[%clk 1:31:20]} 5. c3 {[%clk 1:27:36]} Bg7 {[%clk 1:31:03]}
6. Bd3 {[%clk 1:26:44]} O-O {[%clk 1:30:31]} 7. O-O {[%clk 1:27:00]} b6
{[%clk 1:22:41]} 8. Re1 {[%clk 1:24:00]} Bb7 {[%clk 1:20:44]} 9. Nbd2
{[%clk 1:21:15]} Nd7 {[%clk 1:17:58]} 10. Ne4 {[%clk 1:12:41]} N5f6
{[%clk 1:09:51]} 11. Bg5 {[%clk 1:06:30]} Nxe4 {[%clk 1:06:32]} 12. Bxe4
{[%clk 1:06:18]} Bxe4 {[%clk 1:06:03]} 13. Rxe4 {[%clk 1:06:40]} Nf6
{[%clk 1:01:43]} 14. Re1 {[%clk 1:06:03]} Re8 {[%clk 0:54:56]} 15. Qb3
{[%clk 1:02:24]} e6 {[%clk 0:53:18]} 16. Ne5 {[%clk 1:01:41]} a5 {[%clk 0:50:07]}
17. h3 {[%clk 0:54:23]} Qd5 {[%clk 0:41:43]} 18. Qxd5 {[%clk 0:52:01]} Nxd5
{[%clk 0:34:24]} 19. Bh4 {[%clk 0:51:09]} a4 {[%clk 0:32:34]} 20. a3
{[%clk 0:46:18]} f6 {[%clk 0:23:33]} 21. Nd3 {[%clk 0:43:25]} b5 {[%clk 0:22:22]}
22. Nc5 {[%clk 0:41:02]} Kf7 {[%clk 0:21:11]} 23. Bg3 {[%clk 0:37:48]} Re7
{[%clk 0:18:33]} 24. Re2 {[%clk 0:37:53]} Bh6 {[%clk 0:17:46]} 25. Kf1
{[%clk 0:33:51]} Nb6 {[%clk 0:16:44]} 26. Ke1 {[%clk 0:31:25]} Nd7
{[%clk 0:09:13]} 27. Nd3 {[%clk 0:29:42]} Rc8 {[%clk 0:08:31]} 28. Kd1
{[%clk 0:29:55]} Ree8 {[%clk 0:07:56]} 29. Kc2 {[%clk 0:30:03]} c5
{[%clk 0:07:24]} 30. dxc5 {[%clk 0:30:18]} Nxc5 {[%clk 0:07:46]} 31. Nxc5
{[%clk 0:30:41]} Rxc5 {[%clk 0:08:12]} 32. Rd1 {[%clk 0:31:00]} Rd5
{[%clk 0:06:32]} 33. Rxd5 {[%clk 0:30:58]} exd5 {[%clk 0:07:01]} 34. Rxe8
{[%clk 0:30:53]} Kxe8 {[%clk 0:07:29]} 35. Bd6 {[%clk 0:30:30]} Kd7
{[%clk 0:07:33]} 36. Bc5 {[%clk 0:30:48]} Ke6 {[%clk 0:05:39]} 37. Kd3
{[%clk 0:31:00]} f5 {[%clk 0:04:42]} 38. Bd4 {[%clk 0:30:35]} Bc1
{[%clk 0:03:35]} 39. Kc2 {[%clk 0:31:00]} Bg5 {[%clk 0:03:37]} 40. Kd3
{[%clk 1:01:23]} h5 {[%clk 0:33:30]} 41. Bc5 {[%clk 0:59:40]} h4 {[%clk 0:26:13]}
42. Bd4 {[%clk 0:58:40]} Bc1 {[%clk 0:24:15]} 43. Kc2 {[%clk 0:59:02]} Bf4
{[%clk 0:22:33]} 44. Kd3 {[%clk 0:59:20]} Bg5 {[%clk 0:20:03]} 45. Bc5
{[%clk 0:59:29]} Bd8 {[%clk 0:18:05]} 46. Bd4 {[%clk 0:59:46]} g5
{[%clk 0:17:26]} 47. f3 {[%clk 0:59:37]} Ba5 {[%clk 0:16:17]} 48. Be3
{[%clk 0:59:15]} Bd8 {[%clk 0:16:21]} 49. Ke4 Ke5+ 1/2-1/2

[Event "MPJ C16"]
[Site "?"]
[Date "2016.03.18"]
[Round "7.12"]
[White "Kus, Aleksander"]
[Black "Wyczling, Bartosz"]
[Result "1-0"]
[LiveChessVersion "1.4.8"]
[BlackElo "1959"]
[WhiteElo "1761"]

1. e4 {[%clk 1:30:58]} c5 {[%clk 1:30:53]} 2. Ne2 {[%clk 1:31:16]} g6
{[%clk 1:30:29]} 3. d4 {[%clk 1:30:59]} cxd4 {[%clk 1:30:52]} 4. Nxd4
{[%clk 1:31:07]} Nc6 {[%clk 1:30:40]} 5. Nc3 {[%clk 1:30:26]} Bg7
{[%clk 1:30:27]} 6. Nde2 {[%clk 1:29:22]} Nf6 {[%clk 1:28:06]} 7. g3
{[%clk 1:28:58]} O-O {[%clk 1:25:58]} 8. Bg2 {[%clk 1:28:28]} d6 {[%clk 1:25:41]}
9. O-O {[%clk 1:28:03]} Rb8 {[%clk 1:22:50]} 10. a4 {[%clk 1:26:43]} a6
{[%clk 1:22:35]} 11. h3 {[%clk 1:25:24]} b5 {[%clk 1:16:43]} 12. axb5
{[%clk 1:25:23]} axb5 {[%clk 1:17:05]} 13. Be3 {[%clk 1:19:33]} Bd7
{[%clk 0:59:16]} 14. Nd5 {[%clk 0:55:42]} Ne8 {[%clk 0:45:02]} 15. Nd4
{[%clk 0:49:52]} e6 {[%clk 0:34:45]} 16. Nxc6 {[%clk 0:46:42]} Bxc6
{[%clk 0:35:07]} 17. Nb4 {[%clk 0:46:57]} Bb7 {[%clk 0:34:28]} 18. c3
{[%clk 0:40:59]} f5 {[%clk 0:24:45]} 19. Qb3 {[%clk 0:38:44]} Qc8
{[%clk 0:15:40]} 20. exf5 {[%clk 0:18:18]} gxf5 {[%clk 0:15:35]} 21. Ra7
{[%clk 0:16:40]} Bxg2 {[%clk 0:14:30]} 22. Kxg2 {[%clk 0:17:02]} Kh8
{[%clk 0:14:13]} 23. Rfa1 {[%clk 0:14:04]} Rb7 {[%clk 0:07:37]} 24. Kh2
{[%clk 0:11:14]} e5 {[%clk 0:02:45]} 25. Qd5 {[%clk 0:10:00]} Rxa7
{[%clk 0:02:51]} 26. Rxa7 {[%clk 0:10:18]} Nf6 {[%clk 0:02:25]} 27. Qxd6
{[%clk 0:08:48]} Ne4 {[%clk 0:02:35]} 28. Qe7 {[%clk 0:08:27]} Rg8
{[%clk 0:02:58]} 29. Nd3 {[%clk 0:03:18]} f4 {[%clk 0:02:35]} 30. Nxe5
{[%clk 0:02:35]} fxg3+ {[%clk 0:00:49]} 31. fxg3 {[%clk 0:03:02]} Nd6
{[%clk 0:00:40]} 32. Ng6+ {[%clk 0:02:50]} hxg6 {[%clk 0:01:00]} 33. Qh4+
{[%clk 0:03:18]} 1-0

[Event "MPJ C16"]
[Site "?"]
[Date "2016.03.18"]
[Round "7.13"]
[White "Holownia, Michal"]
[Black "Kubiak, Jakub"]
[Result "1/2-1/2"]
[LiveChessVersion "1.4.8"]
[BlackElo "1911"]
[WhiteElo "2006"]

1. e4 {[%clk 1:29:51]} c5 {[%clk 1:30:48]} 2. Nf3 {[%clk 1:30:07]} d6
{[%clk 1:30:57]} 3. d4 {[%clk 1:30:30]} cxd4 {[%clk 1:31:18]} 4. Nxd4
{[%clk 1:30:53]} Nf6 {[%clk 1:31:40]} 5. Nc3 {[%clk 1:31:16]} a6 {[%clk 1:31:44]}
6. Be3 {[%clk 1:31:25]} e5 {[%clk 1:31:23]} 7. Nf3 {[%clk 1:31:24]} Be7
{[%clk 1:30:35]} 8. Bc4 {[%clk 1:31:34]} O-O {[%clk 1:28:41]} 9. O-O
{[%clk 1:23:39]} Be6 {[%clk 1:23:38]} 10. Bb3 {[%clk 1:22:55]} Bxb3
{[%clk 1:10:55]} 11. axb3 {[%clk 1:17:34]} Nbd7 {[%clk 1:10:26]} 12. Qd3
{[%clk 1:12:31]} Qc7 {[%clk 1:08:58]} 13. Rfd1 {[%clk 1:06:37]} Rfd8
{[%clk 1:06:14]} 14. Qe2 {[%clk 0:57:15]} Rac8 {[%clk 0:59:57]} 15. Rac1
{[%clk 0:52:28]} h6 {[%clk 0:37:02]} 16. Nh4 {[%clk 0:43:28]} Qc6
{[%clk 0:29:26]} 17. Nf5 {[%clk 0:41:45]} Bf8 {[%clk 0:29:48]} 18. Qf3
{[%clk 0:37:11]} b5 {[%clk 0:26:12]} 19. g4 {[%clk 0:07:56]} b4 {[%clk 0:19:14]}
20. Nd5 {[%clk 0:08:20]} Nxd5 {[%clk 0:19:30]} 21. exd5 {[%clk 0:07:00]} Qb7
{[%clk 0:15:47]} 22. h4 {[%clk 0:05:14]} Re8 {[%clk 0:04:32]} 23. Kh1
{[%clk 0:01:11]} e4 {[%clk 0:03:26]} 24. Qf4 {[%clk 0:01:17]} Nf6
{[%clk 0:02:40]} 25. Nxh6+ {[%clk 0:00:46]} gxh6 {[%clk 0:02:51]} 26. Qxf6
{[%clk 0:01:09]} Bg7 {[%clk 0:03:05]} 27. Qxd6 {[%clk 0:01:06]} Red8
{[%clk 0:01:40]} 28. Qb6 {[%clk 0:01:00]} Qe7 {[%clk 0:00:59]} 29. g5
{[%clk 0:00:43]} Qd7 {[%clk 0:00:56]} 30. gxh6 {[%clk 0:00:37]} Qh3+
{[%clk 0:00:56]} 31. Kg1 {[%clk 0:01:06]} Qg4+ {[%clk 0:01:04]} 32. Kf1
{[%clk 0:01:08]} Qh3+ {[%clk 0:01:23]} 33. Ke2 {[%clk 0:01:03]} Qf3+
{[%clk 0:01:39]} 34. Kf1 {[%clk 0:00:59]} Qh1+ {[%clk 0:02:01]} 35. Ke2
{[%clk 0:01:25]} Qf3+ {[%clk 0:02:26]} 36. Kf1 {[%clk 0:01:48]} Qh1+
{[%clk 0:02:52]} 37. Ke2 {[%clk 0:02:14]} Qf3+ {[%clk 0:03:12]} 38. Kf1
{[%clk 0:02:16]} Qh1+ {[%clk 0:03:37]} 39. Ke2 {[%clk 0:02:44]} Qf3+
{[%clk 0:03:54]} 40. Kf1 {[%clk 0:33:11]} Qh1+ {[%clk 0:34:19]} 41. Ke2
{[%clk 0:33:38]} 1/2-1/2